00268cam a22000971 450008200110000010000260001124500570003726000380009430000250013265000130015700a574.081 aBlackburn, Robert T.,10aInterrelations: The Biological and Physical Sciences aChicago,bScott, Foresmanc[1966] axiii, 242 p.billus. 0aBiology.